Beyond development cooperation (Record no. 35789)

MARC details
000 -LEADER
fixed length control field 00575nam a2200169 a 4500
008 - FIXED-LENGTH DATA ELEMENTS--GENERAL INFORMATION
fixed length control field 120416s1994 ||||||||||||||||| || u
050 ## - LIBRARY OF CONGRESS CALL NUMBER
Classification number HC 60 Moo
100 ## - MAIN ENTRY--PERSONAL NAME
Personal name Moore, Fauzya
245 10 - TITLE STATEMENT
Title Beyond development cooperation
246 ## - VARYING FORM OF TITLE
Title proper/short title toward a new era of global and human security
260 ## - PUBLICATION, DISTRIBUTION, ETC.
Place of publication, distribution, etc. Ottawa
Name of publisher, distributor, etc. IDRC
Date of publication, distribution, etc. 1994
300 ## - PHYSICAL DESCRIPTION
Extent xv, 64p.
350 ## - PRICE (NR) (BK AM CF MU VM SE) [OBSOLETE]
Price 0.00
650 #0 - SUBJECT ADDED ENTRY--TOPICAL TERM
Topical term or geographic name entry element ECONOMICS
650 #0 - SUBJECT ADDED ENTRY--TOPICAL TERM
Topical term or geographic name entry element ECONOMIC ASSISTANCE
995 ## - RECOMMENDATION 995 [LOCAL, UNIMARC FRANCE]
-- 0.00
-- CBU-MAIN LIBRARY (Kitwe)
-- 1
-- 0.00
-- 1
-- AVAILABLE
-- Annex Low-Usage Collection
Holdings
Withdrawn status Lost status Source of classification or shelving scheme Damaged status Not for loan Home library Current library Shelving location Date acquired Total Checkouts Full call number Barcode Date last seen Price effective from Koha item type
          CBU-MAIN LIBRARY, KITWE. CBU-MAIN LIBRARY, KITWE.   11/30/2022   HC 60 Moo 002636 11/30/2022 11/30/2022 MONOGRAPH